MARC

LEADER 00000cam a2200000 7i4500
001 0000020193
005 20071004.0
040 |a INS 
090 0 0 |a E9 
110 1 |a Kursus kefahaman indeks, petunjuk ekonomi dan trend pasaran harta tanah   |k 2007 5 - 8 Mac   |c INSPEN, Bangi 
245 0 0 |a Kursus kefahaman indeks, petunjuk ekonomi dan trend pasaran harta tanah :   |b 5 - 8 Mac 2007   |c Anjuran Pusat Penilaian dan Perkhidmatan Harta INSPEN 
260 |a Bangi :   |b Institut Penilaian Negara ,   |c 2007 
300 |a 1 v. (Mukasurat pelbagai ) :   |b ill. ;   |c 30 cm. 
650 0 0 |a Real property   |x Prices 
710 1 |a INSPEN (Institut Penilaian Negara ) 
856 |u http://app.inspen.gov.my:7779/pls/portal/docs/PAGE/CORPORATEPAGES/PORTAL_INSPEN/NOTA_KURSUS/EKONOMI/AB)%20KURSUS%20KEFAHAMAN%20INDEXS%2C%20PETUNJUK%20EKONOMI%20DAN%20TREND%20PASARAN%20HARTA%20TANAH.PDF 
999 |a E000000017   |b BOOK   |c Course Notes   |e Default branch 
999 |a E000000018   |b BOOK   |c Course Notes   |e Default branch 
999 |a E000000020   |b BOOK   |c Course Notes   |e Default branch